[Event "Challenge"]
[Site "http://www.queenalice.com/game.php?id=1503019"]
[Date "2017.11.10"]
[Round "-"]
[White "kinghenry"]
[Black "Delbo"]
[Result "0-1"]
[WhiteElo "1844"]
[BlackElo "2065"]

1. d4 Nf6 2. Bf4 e6 3. e3 Nc6 4. h3 d5 5. Nf3 Bd6 6. Be5 Bxe5 7. dxe5 Nd7 8. h4
Ndxe5 9. Bb5 O-O 10. Nxe5 Nxe5 11. f4 Ng6 12. Qg4 e5 13. h5 Bxg4 14. hxg6 fxg6
15. Nd2 exf4 16. exf4 Qe7+ 17. Kf1 c6 18. Ba4 Qe2+ 19. Kg1 Rxf4 20. Rf1 Rxf1+
21. Nxf1 Rf8 22. Ng3 Qf2+ 23. Kh2 Rf3 24. Bb3 Qxg3+ 25. Kg1 Rf2 26. c4 Qxg2# 0-1

[Event "OS INCLIVEIS"]
[Site "http://www.queenalice.com/game.php?id=1503407"]
[Date "2017.11.13"]
[Round "-"]
[White "adelio"]
[Black "Delbo"]
[Result "0-1"]
[WhiteElo "1455"]
[BlackElo "2089"]

1. d4 Nf6 2. c4 g6 3. Nc3 Bg7 4. e4 d6 5. Be2 O-O 6. Bg5 Nbd7 7. h4 h6 8. Bxf6
Nxf6 9. e5 dxe5 10. dxe5 Qxd1+ 11. Rxd1 Ng4 12. Nf3 Nxe5 13. Nd5 Nxf3+ 14. gxf3
e6 15. Ne7+ Kh7 16. Bd3 Re8 17. Nxg6 fxg6 18. h5 Rf8 19. hxg6+ Kg8 20. Ke2 Bd7
21. b4 Bc6 22. Rh3 Rad8 23. Be4 Rxd1 24. Kxd1 Bxe4 25. fxe4 Rxf2 26. Ke1 Rxa2
27. Kf1 Rb2 28. b5 Rc2 29. Re3 Rxc4 30. Ke2 Rb4 31. Kf3 Rxb5 32. e5 Rxe5 33. Rd3
Rd5 34. Re3 Re5 35. Rd3 Rd5 36. Re3 e5 37. Kg4 a5 38. Kf5 e4+ 39. Kf4 a4 40. Kg3
Rd3 41. Rxd3 exd3 42. Kf2 a3 43. Ke3 a2 44. Kxd3 a1=Q 45. Ke4 Qd1 46. Kf5 Qe1
47. Kg4 Qf1 48. Kh5 Bf6 49. Kg4 Kg7 50. Kg3 Kxg6 51. Kg4 Be5 52. Kh4 Qg1 53. Kh3
Qg3# 0-1

[Event "OS INCLIVES"]
[Site "http://www.queenalice.com/game.php?id=1503408"]
[Date "2017.11.13"]
[Round "-"]
[White "adelio"]
[Black "Delbo"]
[Result "0-1"]
[WhiteElo "1457"]
[BlackElo "2087"]

1. d4 Nf6 2. c4 g6 3. Nc3 Bg7 4. e4 d6 5. Be2 O-O 6. Bg5 Nbd7 7. Nd5 Nxd5 8.
cxd5 h6 9. Be3 c5 10. dxc6 bxc6 11. Nf3 c5 12. O-O Rb8 13. Rb1 Bb7 14. d5 Qa5
15. Nh4 Bc8 16. Qc1 Ne5 17. Bxh6 Qxa2 18. Bxg7 Kxg7 19. f4 Rh8 20. g3 Qa4 21.
fxe5 Qxe4 22. Qf4 Qxf4 23. Rxf4 dxe5 24. Rf2 Rb4 25. Nf3 f6 26. b3 a5 27. Bc4 a4
28. Nd2 Bf5 29. Rbf1 Rhb8 30. Rf3 Rd8 31. Kg2 e6 32. bxa4 Rxa4 33. Bb3 Rd4 34.
R1f2 exd5 35. Kg1 c4 36. Nxc4 dxc4 37. Ba4 c3 38. Bc2 Bh3 39. Rd3 Rxd3 40. Bxd3
Rxd3 41. Rc2 Bf5 42. Rc1 Re3 43. Kf2 Rd3 44. Kg2 c2 45. Rf1 Rd1 46. h3 Rxf1 47.
g4 c1=Q 48. gxf5 Qf4 49. fxg6 Qf2# 0-1

[Event "Challenge"]
[Site "http://www.queenalice.com/game.php?id=1503671"]
[Date "2017.11.14"]
[Round "-"]
[White "kinghenry"]
[Black "Delbo"]
[Result "0-1"]
[WhiteElo "1820"]
[BlackElo "2081"]

1. d4 Nf6 2. Bg5 d6 3. Bxf6 exf6 4. e3 Be7 5. Nc3 O-O 6. h4 d5 7. g4 Be6 8. h5
Qd7 9. Bh3 Bb4 10. Qd2 Nc6 11. a3 Bxc3 12. Qxc3 Bxg4 13. f3 Bxh3 14. Rxh3 Rae8
15. O-O-O Re7 16. Re1 Rfe8 17. Qd3 Na5 18. Rh4 Nc4 19. e4 Qb5 20. Qb3 Qxb3 21.
cxb3 Nd6 22. Rf4 dxe4 23. h6 exf3 24. Rd1 g6 25. Rxf6 Re1 26. Nxf3 Rxd1+ 27.
Kxd1 Re6 28. Rxe6 fxe6 29. Ng5 Nf5 30. Nxe6 c6 31. b4 Nxh6 32. Nd8 Nf7 33. Nxb7
h5 34. Na5 Nd8 35. b5 h4 36. Nxc6 h3 37. Nxd8 h2 38. Nc6 h1=Q+ 39. Kc2 a6 40.
Ne7+ Kf7 41. Nxg6 Kxg6 42. bxa6 Qc6+ 43. Kb3 Qxa6 44. d5 Qb5+ 45. Kc2 Qxd5 46.
Kb1 Kf5 47. Kc1 Ke4 48. Kc2 Qd3+ 49. Kc1 Kd4 50. a4 Kc4 51. a5 Kb3 52. a6 Qc2#
0-1

[Event "Challenge"]
[Site "http://www.queenalice.com/game.php?id=1505339"]
[Date "2017.11.23"]
[Round "-"]
[White "kinghenry"]
[Black "Delbo"]
[Result "0-1"]
[WhiteElo "1780"]
[BlackElo "2091"]

1. d4 g6 2. b4 d5 3. e3 Bg7 4. Bb5+ Bd7 5. Qe2 a6 6. Bd3 Nf6 7. Nc3 O-O 8. h4 c6
9. Bb2 Ne8 10. g4 e5 11. O-O-O e4 12. Bxe4 dxe4 13. Nxe4 Be6 14. a3 Qd5 15. f3
f5 16. Nc3 Qc4 17. Rd3 a5 18. bxa5 Rxa5 19. g5 Rf7 20. h5 gxh5 21. Rxh5 f4 22.
exf4 Bxd4 23. Rxd4 Qxd4 24. Qxe6 Qxg1+ 25. Nd1 Ng7 26. Bxg7 Rd5 27. Bc3 Qxd1+
28. Kb2 Rb5+ 29. Bb4 Qd4+ 30. Kb1 Qd7 31. Qc4 Rd5 32. Rh6 Rd1+ 33. Ka2 Qd5 34.
Qxd5 Rxd5 35. g6 hxg6 36. Bc3 Rh5 37. Rxg6+ Kh7 38. Rd6 Rd5 39. Re6 Nd7 40. Re8
Rxf4 41. Rh8+ Kg6 42. Rg8+ Kf5 43. Rg7 Ke6 44. Rg6+ Ke7 45. Rg7+ Rf7 46. Rg3
Rdf5 47. f4 Rxf4 48. Re3+ Kd8 49. Kb2 Re7 50. Rh3 Rf2 51. Rh8+ Kc7 52. Ba5+ b6
53. Bb4 Ree2 54. Rh6 Rxc2+ 55. Kb1 Rce2 56. Bd6+ Kb7 57. Rh1 c5 58. Bg3 Rg2 59.
Bf4 Ka6 60. Rd1 Ne5 61. Bc1 Nc4 62. Rd8 Rg1 63. Ra8+ Kb5 64. Ra7 Na5 65. Ra8 Nb3
66. a4+ Kb4 67. Ra6 Rxc1# 0-1

[Event "Challenge"]
[Site "http://www.queenalice.com/game.php?id=1506224"]
[Date "2017.11.30"]
[Round "-"]
[White "kinghenry"]
[Black "Delbo"]
[Result "0-1"]
[WhiteElo "1776"]
[BlackElo "2095"]

1. d4 Nf6 2. Nc3 g6 3. Nf3 Bg7 4. e3 O-O 5. h4 e6 6. h5 Nxh5 7. g4 Nf6 8. Ng5 d5
9. Qf3 Nc6 10. a3 e5 11. Nxh7 Nxh7 12. Qh3 Ng5 13. Qg2 exd4 14. exd4 Qe7+ 15.
Be2 Nxd4 16. Kd1 Nxe2 17. Nxe2 Re8 18. f3 Qf6 19. c3 Qxf3 20. Qxf3 Nxf3 21. g5
Bf5 22. Rf1 Ne5 23. Bf4 Rad8 24. Nd4 Bg4+ 25. Kc2 c5 26. Nb3 Bf5+ 27. Kd1 Nd3
28. Kd2 Nxf4 29. Rxf4 d4 30. c4 b6 31. Nc1 Re4 32. Rf3 Rde8 33. Rf2 Re3 34. b4
d3 35. Ra2 Bg4 36. bxc5 bxc5 37. a4 Bd4 38. Rg2 Re2+ 39. Rxe2 dxe2 40. Nd3 e1=Q+
41. Nxe1 Re2+ 42. Kd3 Rxa2 43. Nc2 Rxa4 44. Nxd4 cxd4 45. Kxd4 Rb4 46. Kc3 Rb8
47. Kd4 a5 48. c5 a4 49. Kd5 a3 50. Kd6 a2 51. Kc7 Rb1 52. c6 a1=Q 53. Kd6 Re1
54. c7 Qd4+ 55. Kc6 Rc1+ 56. Kb7 Qb2+ 57. Ka6 Ra1# 0-1

[Event "Let's Play Chess!"]
[Site "http://www.queenalice.com/game.php?id=1510258"]
[Date "2018.1.4"]
[Round "-"]
[White "Delbo"]
[Black "igorjava"]
[Result "0-1"]
[WhiteElo "2060"]
[BlackElo "2051"]

1. e4 c5 2. Nf3 d6 3. d4 cxd4 4. Nxd4 Nf6 5. Nc3 h6 6. Be3 a6 7. Bd3 e5 8. Nb3
Be6 9. Qd2 Ng4 10. h3 Nxe3 11. Qxe3 Nc6 12. O-O-O b5 13. Nd5 Be7 14. Nxe7 Nxe7
15. Rd2 Qc7 16. Kb1 O-O 17. f4 f5 18. fxe5 dxe5 19. exf5 Bxf5 20. a3 Bxd3 21.
Rxd3 Rac8 22. Qd2 Rfd8 23. Rd1 Rxd3 24. Qxd3 Kh8 25. c3 a5 26. Nd2 b4 27. c4
bxa3 28. Qxa3 Nc6 29. Qc5 a4 30. Ne4 Na5 31. Qxc7 Rxc7 32. c5 Nb3 33. Rd5 Re7
34. Ka2 Nd4 35. Rd8+ Kh7 36. Ra8 Rc7 37. Rxa4 Ne6 38. Rc4 Kg6 39. b4 Nf4 40. b5
Nxg2 41. c6 Ne3 42. b6 Nxc4 43. b7 Rxc6 44. b8=Q Ra6+ 45. Kb3 Rb6+ 46. Qxb6+
Nxb6 47. Kc3 Kf5 0-1

[Event "Challenge"]
[Site "http://www.queenalice.com/game.php?id=1510635"]
[Date "2018.1.5"]
[Round "-"]
[White "Delbo"]
[Black "Nias"]
[Result "1-0"]
[WhiteElo "2048"]
[BlackElo "1718"]

1. e4 e5 2. Nf3 Qf6 3. Nc3 c6 4. d4 d6 5. Be3 Bg4 6. Be2 h6 7. d5 c5 8. Nb5 Kd7
9. h3 Bh5 10. c3 b6 11. Qa4 Ke7 12. Nc7 a5 13. Qe8# 1-0

[Event "Let's Play Chess!"]
[Site "http://www.queenalice.com/game.php?id=1510946"]
[Date "2018.1.8"]
[Round "-"]
[White "charles31"]
[Black "Delbo"]
[Result "0-1"]
[WhiteElo "1772"]
[BlackElo "2098"]

1. e4 d6 2. d4 Nf6 3. Nc3 g6 4. f4 Bg7 5. Be3 O-O 6. h3 Nbd7 7. Bc4 e5 8. f5 c6
9. dxe5 Nxe5 10. Bb3 Re8 11. fxg6 hxg6 12. Nf3 Nxf3+ 13. gxf3 Be6 14. Bxe6 Rxe6
15. Qd3 Qe7 16. O-O-O d5 17. Bg5 Qc5 18. exd5 Nxd5 19. Nxd5 cxd5 20. Qxd5 Bxb2+
21. Kxb2 Rb6+ 22. Ka1 Qc3# 0-1

[Event "Let's Play Chess!"]
[Site "http://www.queenalice.com/game.php?id=1510947"]
[Date "2018.1.8"]
[Round "-"]
[White "Delbo"]
[Black "charles31"]
[Result "1-0"]
[WhiteElo "2101"]
[BlackElo "1747"]

1. e4 e5 2. Nf3 d6 3. Nc3 a6 4. d4 exd4 5. Nxd4 h6 6. Be3 Nf6 7. Bd3 Bd7 8. Qd2
Nc6 9. O-O-O Nxd4 10. Bxd4 Bc6 11. Rhe1 Be7 12. f3 b5 13. Re3 b4 14. Ne2 O-O 15.
Qxb4 d5 16. Qc3 Qd7 17. e5 Nh7 18. e6 fxe6 19. Bxg7 Rf7 20. Bxh6 Bf6 21. Nd4 Re8
22. Qxc6 Bxd4 23. Qxd7 Rxd7 24. Re2 Rd6 25. Bg6 Bg7 26. Bxe8 Bxh6+ 27. Kb1 Nf6
28. Bg6 Kg7 29. Bd3 c5 30. a3 Ne8 31. Rde1 c4 32. Rxe6 cxd3 33. cxd3 Kf7 34.
Rxe8 1-0

[Event "Let's Play Chess!"]
[Site "http://www.queenalice.com/game.php?id=1511719"]
[Date "2018.1.15"]
[Round "-"]
[White "Delbo"]
[Black "Juuca"]
[Result "0-1"]
[WhiteElo "2102"]
[BlackElo "1325"]

1. Nf3 Nf6 2. c4 e6 3. g3 d5 4. d3 Be7 5. Bg2 O-O 6. O-O b6 7. b3 Bb7 8. Bb2 c5
9. Nbd2 Nc6 10. Qc2 d4 11. e3 dxe3 12. fxe3 Nb4 13. Qd1 Qxd3 14. Ne5 Qxe3+ 15.
Rf2 Bxg2 16. Kxg2 Rfd8 17. Qe2 Qxe2 18. Rxe2 Nd7 19. a3 Nxe5 20. Bxe5 Nd3 21.
Nf3 Nxe5 22. Nxe5 Bf6 23. Rae1 Bxe5 24. Rxe5 Rd2+ 25. R1e2 Rxe2+ 26. Rxe2 Rd8
27. Kf3 Rd3+ 28. Re3 Rxe3+ 29. Kxe3 Kf8 30. Ke4 Ke7 31. g4 Kd6 32. h3 f5+ 33.
gxf5 e5 34. b4 h6 35. b5 Kd7 36. Kxe5 Ke7 37. h4 h5 38. Ke4 Kd7 39. Kf4 Kd6 40.
Kg5 Ke5 41. a4 Ke4 42. Kg6 Kf4 43. Kf7 Kxf5 44. Ke7 g5 45. hxg5 h4 46. Kd7 h3
47. Kc7 h2 48. Kb7 h1=Q+ 0-1

[Event "Let's Play Chess!"]
[Site "http://www.queenalice.com/game.php?id=1511720"]
[Date "2018.1.15"]
[Round "-"]
[White "Juuca"]
[Black "Delbo"]
[Result "1/2-1/2"]
[WhiteElo "1355"]
[BlackElo "2072"]

1. e4 e5 2. f4 exf4 3. Nf3 d6 4. d4 g5 5. h4 g4 6. Ng1 Bh6 7. Nc3 Nc6 8. Nge2
Nf6 9. Bxf4 Bxf4 10. Nxf4 Qe7 11. Qd3 Bf5 12. O-O-O Bxe4 13. Nxe4 Qxe4 14. Qxe4+
Nxe4 15. Re1 f5 16. Bd3 Kd7 17. Bxe4 fxe4 18. Rxe4 Rae8 19. Rhe1 Nxd4 20. Rxe8
Rxe8 21. Rxe8 Kxe8 22. Nd5 Nf5 23. Nf6+ Ke7 24. Nxg4 Nxh4 25. Ne3 Ke6 26. Kd2
Ke5 27. Ke2 Ke4 28. Kf2 Nf5 29. Ng4 h6 30. Nf6+ Ke5 31. Ng4+ Kf4 32. Nf6 c6 33.
c4 Ke5 34. Ne8 Kd4 35. g4 Ne3 36. Nxd6 Nxg4+ 37. Ke2 h5 38. Nxb7 h4 39. Nd6 h3
40. Kf3 h2 41. Kg2 a5 42. b3 Kc5 43. Nb7+ Kb6 44. Nd8 Kc5 45. Nb7+ Kb4 46. Nd8
Kc5 47. Nb7+ 1/2-1/2

[Event "Let's Play Chess!"]
[Site "http://www.queenalice.com/game.php?id=1513293"]
[Date "2018.1.25"]
[Round "-"]
[White "charles31"]
[Black "Delbo"]
[Result "0-1"]
[WhiteElo "1704"]
[BlackElo "2058"]

1. e4 e5 2. Nf3 Nc6 3. a3 Bc5 4. Bc4 Nf6 5. Ng5 O-O 6. d3 d5 7. exd5 Nxd5 8. Ne4
Bb6 9. Be3 Nxe3 10. fxe3 Bxe3 11. Qf3 Bh6 12. c3 Qe7 13. Nbd2 Kh8 14. h4 f5 15.
Rf1 Qxh4+ 16. g3 Qe7 17. Nf2 Bd7 18. O-O-O Rae8 19. Bb3 Qc5 20. Kc2 Nd4+ 21. Kb1
Nxf3 22. Nxf3 Be3 23. d4 exd4 24. Nxd4 Bh6 25. Bc2 f4 26. g4 g5 27. Nf5 Bxf5 28.
Bxf5 Re2 29. Ne4 Qb6 30. b4 Rxf5 31. gxf5 Rxe4 32. Rd8+ Kg7 33. Rfd1 Re7 0-1

[Event "Let's Play Chess!"]
[Site "http://www.queenalice.com/game.php?id=1516113"]
[Date "2018.2.17"]
[Round "-"]
[White "Delbo"]
[Black "george941"]
[Result "1-0"]
[WhiteElo "2051"]
[BlackElo "1754"]

1. e4 e5 2. Nf3 Nf6 3. Nc3 Nc6 4. Bc4 Bb4 5. a3 Bc5 6. O-O O-O 7. b4 Bb6 8. Re1
d6 9. h3 Be6 10. Bb3 a5 11. Bxe6 fxe6 12. b5 Ne7 13. Bb2 d5 14. Nxe5 Nxe4 15.
Nxe4 dxe4 16. Rf1 Bd4 17. Bxd4 Qxd4 18. Ng4 Rad8 19. Re1 Qxd2 20. Qxd2 Rxd2 21.
Rxe4 Rxc2 22. Rxe6 Nf5 23. Rd1 b6 24. Ne5 Nd6 25. f3 Rc3 26. Nd7 Rd8 27. Nxb6
cxb6 28. Rexd6 Rxd6 29. Rxd6 Rxa3 30. Rxb6 a4 31. Ra6 Ra1+ 32. Kh2 a3 33. b6 a2
34. b7 Rb1 35. Kg3 a1=Q 36. b8=Q+ Rxb8 37. Rxa1 Kf7 38. Ra6 h6 39. f4 Rb3+ 40.
Kh4 Rb4 41. g3 Re4 42. Kg4 Re6 43. Rxe6 Kxe6 44. Kh5 Kf6 45. g4 Kf7 46. g5 hxg5
47. Kxg5 g6 48. h4 Kg7 49. h5 Kf7 50. hxg6+ 1-0

[Event "Let's Play Chess!"]
[Site "http://www.queenalice.com/game.php?id=1516309"]
[Date "2018.2.17"]
[Round "-"]
[White "paolop69"]
[Black "Delbo"]
[Result "0-1"]
[WhiteElo "1736"]
[BlackElo "2044"]

1. e4 e5 2. Bc4 Nf6 3. d3 Bc5 4. h3 O-O 5. Bg5 h6 6. Be3 d6 7. c3 Bxe3 8. fxe3
Nc6 9. Nd2 Ne8 10. Ngf3 a6 11. b4 b5 12. Bd5 Bd7 13. d4 Nf6 14. Bxc6 Bxc6 15. d5
Bd7 16. g4 c5 17. a3 c4 18. Nh4 Nxd5 19. exd5 Qxh4+ 20. Ke2 f5 21. Qe1 Qxe1+ 22.
Kxe1 fxg4 23. hxg4 Bxg4 24. Rg1 h5 25. Ne4 Rad8 26. Ra2 Rf3 27. Kd2 Bf5 28. Ng5
Rf2+ 29. Ke1 Rxa2 30. Ne6 Ra1+ 31. Kf2 Rxg1 32. Nxd8 Ra1 33. Nb7 Ra2+ 34. Kf3 h4
35. Nxd6 g6 36. e4 Bd7 0-1

[Event "Let's Play Chess!"]
[Site "http://www.queenalice.com/game.php?id=1518849"]
[Date "2018.3.8"]
[Round "-"]
[White "igorjava"]
[Black "Delbo"]
[Result "0-1"]
[WhiteElo "1948"]
[BlackElo "2068"]

1. e4 e5 2. f4 exf4 3. Nf3 d6 4. d4 g5 5. e5 g4 6. Ng1 Qh4+ 7. Ke2 dxe5 8. dxe5
Bc5 9. Qe1 f3+ 10. gxf3 gxf3+ 11. Nxf3 Qe4+ 12. Kd1 Qxf3+ 13. Be2 Qd5+ 14. Bd2
Nc6 15. Nc3 Qxe5 16. Kc1 Bf5 17. Bd3 Qxe1+ 18. Rxe1+ Be6 19. Bb5 Ne7 20. a3
O-O-O 21. Ne4 Bb6 22. b4 Rhg8 23. Bg5 Rd5 24. Bxc6 Nxc6 25. h4 h6 26. Bxh6 Rg2
27. Rd1 Rxd1+ 28. Kxd1 Rg1+ 0-1

[Event "Let's Play Chess!"]
[Site "http://www.queenalice.com/game.php?id=1519169"]
[Date "2018.3.11"]
[Round "-"]
[White "Delbo"]
[Black "rogeriocastro"]
[Result "1-0"]
[WhiteElo "2057"]
[BlackElo "1374"]

1. c4 c5 2. Nc3 Nc6 3. Nf3 Nf6 4. g3 e6 5. Bg2 Bd6 6. O-O O-O 7. b3 b6 8. Bb2 a6
9. d4 cxd4 10. Nxd4 Nxd4 11. Bxa8 b5 12. Qxd4 Be7 13. Bg2 Qc7 14. Rac1 e5 15.
Qd2 Qd6 16. Qxd6 Bxd6 17. Ne4 Nxe4 18. Bxe4 f5 19. Bd5+ Kh8 20. Rfd1 bxc4 21.
Bxc4 Bb7 22. Rxd6 1-0

[Event "Let's Play Chess!"]
[Site "http://www.queenalice.com/game.php?id=1519170"]
[Date "2018.3.11"]
[Round "-"]
[White "ketchuplover"]
[Black "Delbo"]
[Result "0-1"]
[WhiteElo "1875"]
[BlackElo "2059"]

1. Nf3 Nf6 2. b3 g6 3. Bb2 Bg7 4. e3 O-O 5. Be2 d6 6. d4 Bg4 7. Nbd2 c5 8. h3
Bxf3 9. Bxf3 Qc7 10. a4 Nbd7 11. O-O Rab8 12. a5 b6 13. Bc3 e6 14. axb6 axb6 15.
Ne4 Nxe4 16. Bxe4 d5 17. Bf3 Nf6 18. g3 Rfd8 19. Kg2 Ne4 20. Be1 b5 21. Ra2 Qb7
22. Bxe4 dxe4 23. c3 e5 24. Qa1 exd4 25. cxd4 cxd4 26. Ra7 Qc8 27. Qa6 Qxa6 28.
Rxa6 dxe3 29. fxe3 Ra8 30. Rb6 Rab8 31. Rxb8 Rxb8 32. Bb4 Rd8 33. Rf2 Rd3 34.
Rc2 h5 35. Rc8+ Kh7 36. Rb8 Rxb3 37. Rxb5 Rxe3 38. Bc5 Re2+ 39. Kf1 Ra2 40. Be3
Bh6 41. Rb3 Bxe3 42. Rxe3 f5 43. Kg1 Kh6 44. h4 Rd2 45. Re1 g5 0-1

[Event "Challenge"]
[Site "http://www.queenalice.com/game.php?id=1519573"]
[Date "2018.3.14"]
[Round "-"]
[White "WLAO"]
[Black "Delbo"]
[Result "0-1"]
[WhiteElo "1620"]
[BlackElo "2055"]

1. b3 e5 2. d3 d5 3. e3 Nf6 4. g3 Nc6 5. Bg2 Be6 6. Nf3 Bd6 7. Bb2 O-O 8. O-O
Qd7 9. c4 dxc4 10. bxc4 Ne8 11. Nbd2 f5 12. Qb3 Na5 13. Qb5 Qxb5 14. e4 Qxb2 15.
Rfb1 Qc3 16. Rc1 Qxd3 17. exf5 Rxf5 18. c5 Be7 19. Bf1 Qd8 20. Kg2 Bd5 21. Be2
e4 22. Nxe4 Bxe4 23. Rd1 Rd5 24. Rxd5 Bxd5 25. h4 Bxc5 26. Rc1 Bb6 27. Rd1 Bxf3+
28. Bxf3 Qxd1 29. Bxd1 Rd8 30. Ba4 c6 31. Bc2 Rd2 32. Bb3+ Nxb3 33. axb3 Rxf2+
34. Kh3 Bc7 35. b4 Nf6 36. h5 Bd6 37. Kh4 Bxb4 38. Kg5 a5 39. h6 a4 40. hxg7
Kxg7 41. g4 a3 42. Kh4 a2 43. g5 Ng8 44. Kh5 a1=Q 45. g6 Qg1 46. gxh7 Rh2# 0-1

[Event "AUTO-MASTER-2710"]
[Site "http://www.queenalice.com/game.php?id=1521973"]
[Date "2018.4.1"]
[Round "1"]
[White "Delbo"]
[Black "luizantoniosetti"]
[Result "0-1"]
[WhiteElo "2043"]
[BlackElo "2020"]

1. e4 e6 2. d4 d5 3. e5 c5 4. c3 Nc6 5. Nf3 Bd7 6. Be2 Nge7 7. O-O Nf5 8. Nbd2
cxd4 9. cxd4 Nfxd4 10. Nxd4 Nxd4 11. Bd3 g6 12. Nf3 Nxf3+ 13. Qxf3 Bg7 14. Re1
O-O 15. Bf4 Qb6 16. b3 f6 17. Qg3 fxe5 18. Be3 Qa5 19. h4 e4 20. Be2 d4 21. Bg5
Be5 22. Qg4 d3 23. Bf1 d2 24. Bxd2 Qxd2 25. Rad1 Qxf2+ 26. Kh1 Rf4 27. Re2 Qxf1+
0-1

[Event "AUTO-MASTER-2710"]
[Site "http://www.queenalice.com/game.php?id=1521974"]
[Date "2018.4.1"]
[Round "1"]
[White "luizantoniosetti"]
[Black "Delbo"]
[Result "1-0"]
[WhiteElo "2037"]
[BlackElo "2026"]

1. e4 d6 2. d4 g6 3. c4 Bg7 4. Nc3 Nf6 5. f3 O-O 6. Be3 Nbd7 7. Qd2 e5 8. d5 a5
9. Bd3 c5 10. Nge2 Nb6 11. O-O Bd7 12. Ng3 Ne8 13. b3 Nc8 14. Bg5 f6 15. Bh6
Bxh6 16. Qxh6 Ng7 17. f4 Ne7 18. f5 Qe8 19. Rf2 g5 20. h4 Kh8 21. hxg5 Ng8 22.
Qh4 fxg5 23. Qxg5 h6 24. Qe3 Nh5 25. Nxh5 Qxh5 26. Rf3 Rf6 27. Rh3 Qf7 28. Rf1
h5 29. Be2 Rh6 30. g4 Nf6 31. g5 Qg7 32. Kh2 Rg8 33. Rg1 Bxf5 34. exf5 1-0

[Event "AUTO-MASTER-2710"]
[Site "http://www.queenalice.com/game.php?id=1521975"]
[Date "2018.4.1"]
[Round "1"]
[White "Delbo"]
[Black "rok66"]
[Result "0-1"]
[WhiteElo "2049"]
[BlackElo "2298"]

1. e4 e5 2. Nf3 Nf6 3. d4 Nxe4 4. Bd3 d5 5. Nxe5 Nd7 6. Qf3 Nxe5 7. dxe5 Nc5 8.
Be2 Ne6 9. O-O Nd4 10. Qd3 c5 11. c3 Bf5 12. Qd1 Nxe2+ 13. Qxe2 Qd7 14. f4 Rc8
15. Nd2 d4 16. Nc4 Be6 17. b3 b5 18. Nd2 d3 19. Qf2 Be7 20. Qg3 O-O 21. Bb2 c4
22. Rf3 Rc6 23. Re1 Bg4 24. Rf2 Rg6 25. Qe3 Bf5 26. h3 Bxh3 27. Ree2 dxe2 28.
Qxe2 Bc5 0-1

[Event "AUTO-MASTER-2710"]
[Site "http://www.queenalice.com/game.php?id=1521976"]
[Date "2018.4.1"]
[Round "1"]
[White "rok66"]
[Black "Delbo"]
[Result "1-0"]
[WhiteElo "2293"]
[BlackElo "2056"]

1. d4 Nf6 2. Nf3 g6 3. Nc3 Bg7 4. e4 d6 5. Be3 O-O 6. Qd2 e5 7. O-O-O Bg4 8.
dxe5 Bxf3 9. exf6 Bxd1 10. fxg7 Re8 11. Qxd1 Kxg7 12. Bc4 Nc6 13. Qf3 Qd7 14.
Nd5 Ne5 15. Qf6+ Kg8 16. Bh6 1-0

[Event "AUTO-MASTER-2710"]
[Site "http://www.queenalice.com/game.php?id=1521977"]
[Date "2018.4.1"]
[Round "1"]
[White "Delbo"]
[Black "Juuca"]
[Result "0-1"]
[WhiteElo "2067"]
[BlackElo "2194"]

1. e4 e6 2. d4 d5 3. e5 b6 4. Nf3 Ba6 5. Bxa6 Nxa6 6. c4 Qd7 7. cxd5 exd5 8. O-O
Ne7 9. Nc3 Ng6 10. Be3 Be7 11. a3 O-O 12. Rc1 f6 13. Qd3 Nb8 14. Ne2 fxe5 15.
Nxe5 Qd6 16. Nxg6 hxg6 17. Qc3 c6 18. Qd2 Qd7 19. Qd3 Qf5 20. Qxf5 gxf5 21. Nf4
Bf6 22. Ne6 Rf7 23. Bf4 g5 24. Bxb8 Rxb8 25. f4 gxf4 26. Nxf4 Bxd4+ 27. Kh1 Bxb2
28. Rxc6 Bxa3 29. Rf3 Re8 30. Rg3+ Rg7 0-1

[Event "AUTO-MASTER-2710"]
[Site "http://www.queenalice.com/game.php?id=1521978"]
[Date "2018.4.1"]
[Round "1"]
[White "Juuca"]
[Black "Delbo"]
[Result "1-0"]
[WhiteElo "2179"]
[BlackElo "2079"]

1. e4 d6 2. d4 g6 3. Nc3 Bg7 4. Nf3 e5 5. dxe5 dxe5 6. Qxd8+ Kxd8 7. Bc4 Nc6 8.
Bxf7 Ke7 9. Bb3 Bd7 10. Bg5+ Kf8 11. O-O-O Be8 12. Nb5 Rc8 13. Kb1 a6 14. Nc3
Bf6 15. h4 Bxg5 16. hxg5 Nge7 17. Nd5 Nxd5 18. exd5 1-0